[Event "Senioren 2018"]
[Site "Bad Woerishofen"]
[Date "2018.02.25"]
[Round "3"]
[White "Goris, Ton"]
[Black "Gailis, Gunnar"]
[Result "0-1"]
[WhiteElo "1939"]
[BlackElo "1746"]
[PlyCount "80"]
[EventDate "2018.??.??"]
[BlackTeam "SV Hilden"]

1. e4 e6 2. d4 d5 3. e5 c5 4. c3 Qb6 5. Nf3 Nc6 6. a3 a5 7. Bd3 Bd7 8. Bc2 c4
9. O-O Nge7 10. a4 g6 11. Na3 Na7 12. b3 cxb3 13. Bxb3 Bg7 14. c4 O-O 15. c5
Qc7 16. Bd2 f6 17. Bf4 fxe5 18. Bxe5 Bxe5 19. Nxe5 Nec6 20. f4 Nxe5 21. fxe5
Rxf1+ 22. Qxf1 Rf8 23. Qd3 Bc6 24. Rf1 Rxf1+ 25. Qxf1 Qd7 26. Qd1 Qf7 27. Qf3
Qe8 28. Qd1 Qf7 29. g3 Qf5 30. Bc2 Qg5 31. Qd3 Qc1+ 32. Kg2 Qb2 33. Kh3 Qb4 34.
Kg4 Bxa4 35. Bxa4 Qxa4 36. Kg5 Kg7 37. h4 h6+ 38. Kg4 Nc6 39. Kh3 Qxd4 40. Qb5
Qb4 0-1

[Event "Senioren 2018"]
[Site "Bad Woerishofen"]
[Date "2018.02.25"]
[Round "3"]
[White "Goris Schouwstra, Adry"]
[Black "Koppenhoefer, Heinz"]
[Result "1/2-1/2"]
[WhiteElo "1733"]
[BlackElo "1589"]
[PlyCount "128"]
[EventDate "2018.??.??"]
[BlackTeam "TSV Solln"]

1. d4 d5 2. Nf3 Nf6 3. e3 Bg4 4. Be2 e6 5. O-O Bd6 6. Nbd2 O-O 7. c4 dxc4 8.
Nxc4 Be7 9. h3 Bh5 10. Qc2 a6 11. a4 a5 12. Nce5 Nd5 13. Bd2 f6 14. Nc4 b6 15.
Rac1 Na6 16. Na3 c5 17. e4 Bg6 18. Nh4 Ndb4 19. Qb1 cxd4 20. Nxg6 hxg6 21. Bc4
Qd7 22. Bb5 Qb7 23. e5 f5 24. Nc4 Rac8 25. Rfe1 Rfd8 26. Nd6 Bxd6 27. exd6 Rxc1
28. Qxc1 Rxd6 29. Bf4 Rd8 30. Rxe6 d3 31. Rxg6 Nc5 32. f3 Kh7 33. Rd6 Rxd6 34.
Bxd6 Qd5 35. Bf4 Nb3 36. Qe1 d2 37. Qh4+ Kg8 38. Bxd2 Nxd2 39. Qe7 Qc5+ 40.
Qxc5 bxc5 41. Kf2 Nb1 42. Ke2 Kf7 43. Bc4+ Ke7 44. f4 Nc6 45. Kd1 Na3 46. bxa3
Kd6 47. Kd2 Nd4 48. Kc3 Nc6 49. g4 fxg4 50. hxg4 Ne7 51. Kd3 Nd5 52. f5 Ke5 53.
Bxd5 Kxd5 54. Kc3 c4 55. g5 Ke5 56. f6 gxf6 57. gxf6 Kxf6 58. Kxc4 Ke6 59. Kb5
Kd6 60. Kxa5 Kc6 61. Ka6 Kc7 62. Ka7 Kc8 63. a5 Kc7 64. a4 Kc8 1/2-1/2

[Event "Senioren 2018"]
[Site "Bad Woerishofen"]
[Date "2018.02.25"]
[Round "3"]
[White "Grandl, Klaus"]
[Black "Birkestrand, Odd"]
[Result "1/2-1/2"]
[WhiteElo "1588"]
[BlackElo "1686"]
[PlyCount "75"]
[EventDate "2018.??.??"]
[WhiteTeam "Sportfr.Windach"]

1. e4 e5 2. Nf3 Nc6 3. Bb5 d6 4. c3 Bd7 5. O-O Be7 6. h3 Nf6 7. d3 O-O 8. Bc4
Na5 9. Bb3 Nxb3 10. axb3 h6 11. c4 Nh7 12. Nh2 f5 13. Nc3 c6 14. Be3 b6 15. b4
f4 16. Bd2 d5 17. Nf3 d4 18. Nb1 Bf6 19. Na3 Qe8 20. Kh1 g5 21. Nh2 Qg6 22. Nc2
h5 23. f3 Be7 24. Ne1 Nf6 25. Rg1 h4 26. Ng4 Bd6 27. Qc1 Nh5 28. c5 Ng3+ 29.
Kh2 Ne2 30. Qd1 Nxg1 31. cxd6 Nxh3 32. gxh3 Bxg4 33. fxg4 Qxd6 34. Nf3 Qf6 35.
Qb3+ Kg7 36. Ra6 Rfc8 37. Qa4 Qe7 38. Qa2 1/2-1/2

[Event "Senioren 2018"]
[Site "Bad Woerishofen"]
[Date "2018.02.25"]
[Round "3"]
[White "Gundersen, Helge"]
[Black "Blutharsch, Walter"]
[Result "1/2-1/2"]
[WhiteElo "2106"]
[BlackElo "1860"]
[PlyCount "41"]
[EventDate "2018.??.??"]
[BlackTeam "VfL Sindelfingen"]

1. f4 d5 2. Nf3 Nf6 3. e3 Nc6 4. Bb5 Bd7 5. b3 e6 6. Bb2 Bc5 7. Bxc6 Bxc6 8.
Ne5 Bb5 9. c4 Bc6 10. Nxc6 bxc6 11. Qc2 dxc4 12. Qxc4 Qd5 13. Qe2 Rd8 14. Nc3
Qf5 15. O-O Ne4 16. d4 Bb4 17. Nxe4 Qxe4 18. a3 Ba5 19. Rac1 Bb6 20. Qf3 Qd5
21. Qxd5 1/2-1/2

[Event "Senioren 2018"]
[Site "Bad Woerishofen"]
[Date "2018.02.25"]
[Round "3"]
[White "Halli, Gerhard"]
[Black "Thiel, Harry"]
[Result "1-0"]
[WhiteElo "1898"]
[BlackElo "1632"]
[PlyCount "69"]
[EventDate "2018.??.??"]
[WhiteTeam "SK Sandhausen"]
[BlackTeam "Schachpinguine Berlin"]

1. d4 Nf6 2. Bf4 g6 3. e3 Bg7 4. h3 O-O 5. Nf3 d6 6. Be2 Nbd7 7. O-O c5 8. c3
a6 9. a4 Qb6 10. Qc2 Re8 11. Nbd2 e5 12. Nc4 Qc7 13. dxe5 dxe5 14. Bh2 Nd5 15.
Rfd1 N5b6 16. a5 Nxc4 17. Bxc4 Nf6 18. Ng5 Re7 19. e4 Nh5 20. Bd5 Nf4 21. Bxf4
exf4 22. Qb3 h6 23. Nf3 g5 24. Nd2 Rb8 25. Nc4 Be6 26. Rd3 Bxd5 27. exd5 Rbe8
28. Rf1 Re1 29. Rd1 Rxf1+ 30. Kxf1 f3 31. Kg1 fxg2 32. Qc2 Qd7 33. Qd3 g4 34.
Nb6 h5 35. Nxd7 1-0

[Event "Senioren 2018"]
[Site "Bad Woerishofen"]
[Date "2018.02.25"]
[Round "3"]
[White "Heppell, Ian N"]
[Black "Hansch, Klaus Michael"]
[Result "1-0"]
[WhiteElo "2035"]
[BlackElo "1888"]
[PlyCount "57"]
[EventDate "2018.??.??"]
[BlackTeam "SC Weisse Dame (Berlin)"]

1. e4 d5 2. exd5 Qxd5 3. Nc3 Qd8 4. d4 Nf6 5. Nf3 Bf5 6. Bc4 e6 7. O-O c6 8.
Re1 Be7 9. Ne5 O-O 10. g4 Bg6 11. h4 Nxg4 12. Qxg4 Bf5 13. Qf4 Bxh4 14. Bd3 g5
15. Qf3 f6 16. Ng4 Bxg4 17. Qxg4 f5 18. Qe2 Rf6 19. Bc4 Qxd4 20. Be3 Qe5 21.
Rad1 Na6 22. Bd4 Qxe2 23. Rxe2 Rg6 24. Bxe6+ Kf8 25. Bxf5 Rh6 26. Be5 g4 27.
Rd7 Be7 28. Rxe7 Kxe7 29. Bg7+ 1-0

[Event "Senioren 2018"]
[Site "Bad Woerishofen"]
[Date "2018.02.25"]
[Round "3"]
[White "Hertkorn, Dieter"]
[Black "Harke, Horst"]
[Result "1/2-1/2"]
[WhiteElo "1547"]
[BlackElo "1789"]
[PlyCount "88"]
[EventDate "2018.??.??"]
[BlackTeam "SK Varel"]

1. e4 e5 2. Nf3 Nf6 3. Nxe5 d6 4. Nf3 Nxe4 5. d4 d5 6. Bd3 Bd6 7. Nc3 Nxc3 8.
bxc3 O-O 9. O-O Re8 10. Bg5 Be7 11. Re1 g6 12. Qd2 Be6 13. Bh6 Nd7 14. Ng5 Bxg5
15. Bxg5 f6 16. Bh6 Bf7 17. Rxe8+ Bxe8 18. Re1 Kf7 19. Qe3 Nf8 20. Bxf8 Kxf8
21. h4 Kg7 22. Qg3 Bf7 23. Re3 Qd6 24. Qxd6 cxd6 25. Re7 Rc8 26. Rxb7 Rxc3 27.
Rxa7 Rc8 28. a4 h5 29. a5 Kf8 30. a6 f5 31. f4 Be8 32. Rh7 Kg8 33. Re7 Kf8 34.
Re2 Bd7 35. Kf2 Ra8 36. Ke1 Bc8 37. c3 Bxa6 38. Bxa6 Rxa6 39. Kf2 Kf7 40. Rc2
Ra1 41. Ke2 Rh1 42. g3 Rg1 43. Kf2 Rd1 44. Ke2 Rg1 1/2-1/2

[Event "Senioren 2018"]
[Site "Bad Woerishofen"]
[Date "2018.02.25"]
[Round "3"]
[White "Keller, Harald"]
[Black "Aigner, Georg"]
[Result "1/2-1/2"]
[WhiteElo "2055"]
[BlackElo "1841"]
[PlyCount "112"]
[EventDate "2018.??.??"]
[WhiteTeam "SV Rottweil"]
[BlackTeam "SC Taufkirchen"]

1. e4 e5 2. Nf3 Nc6 3. d4 exd4 4. Bc4 Nf6 5. O-O Nxe4 6. Re1 d5 7. Bxd5 Qxd5 8.
Nc3 Qh5 9. Nxe4 Be6 10. Bg5 Bd6 11. Nxd6+ cxd6 12. Bf4 Qd5 13. c3 O-O 14. Nxd4
Nxd4 15. Qxd4 Qxd4 16. cxd4 d5 17. Rac1 Rfc8 18. Bc7 Kf8 19. f4 g6 20. Rc3 Ke7
21. Rec1 Kd7 22. Kf2 a6 23. a4 b5 24. a5 Ra7 25. Bb6 Rxc3 26. Rxc3 Rb7 27. b4
h5 28. Kg3 f6 29. Kh4 Ke8 30. h3 Kd7 31. g4 hxg4 32. hxg4 Ke8 33. Kg3 f5 34.
gxf5 Bxf5 35. Bc7 Kd7 36. Be5 Ra7 37. Kh4 Ra8 38. Rc7+ Ke8 39. Kg5 Rc8 40.
Rxc8+ Bxc8 41. Kxg6 Kf8 42. Bd6+ Ke8 43. Kf6 Bg4 44. Bc5 Kd7 45. f5 Bh5 46. Kg7
Ke8 47. Bd6 Bf7 48. Kf6 Bg8 49. Bc5 Bf7 50. Bb6 Bg8 51. Kg6 Bf7+ 52. Kf6 Bg8
53. Ke5 Kd7 54. Bc5 Bf7 55. Kf6 Ke8 56. Bd6 Bg8 1/2-1/2

[Event "Senioren 2018"]
[Site "Bad Woerishofen"]
[Date "2018.02.25"]
[Round "3"]
[White "Kierzek, Mira"]
[Black "Daeubler, Heinrich"]
[Result "1/2-1/2"]
[WhiteElo "1977"]
[BlackElo "2182"]
[PlyCount "80"]
[EventDate "2018.??.??"]
[WhiteTeam "SC Fulda"]
[BlackTeam "SC Haselmühl"]

1. Nf3 g6 2. g3 Bg7 3. d4 d6 4. Bg2 Nf6 5. O-O Nc6 6. c4 Bd7 7. Nc3 Qc8 8. Re1
Bh3 9. d5 Bxg2 10. Kxg2 Nb8 11. e4 Nbd7 12. Qc2 O-O 13. h3 c6 14. Qe2 Re8 15.
Be3 a6 16. Rac1 c5 17. Qd2 b5 18. Qd3 Qb7 19. b3 b4 20. Na4 Qc7 21. Rcd1 a5 22.
Qc2 Nb6 23. e5 Nfd7 24. exd6 exd6 25. Nb2 a4 26. Nd3 axb3 27. axb3 Nf6 28. Nd2
Ne4 29. Nxe4 Rxe4 30. Bf4 Rae8 31. Rxe4 Rxe4 32. Re1 Rxe1 33. Nxe1 Qe7 34. Nf3
h6 35. g4 Nd7 36. Qd3 Nf6 37. Nd2 Nd7 38. Nf3 Kh7 39. Bg3 Kg8 40. Bf4 Nf6
1/2-1/2

[Event "Senioren 2018"]
[Site "Bad Woerishofen"]
[Date "2018.02.25"]
[Round "3"]
[White "Kirchner, Ulrich"]
[Black "Hohler, Peter"]
[Result "0-1"]
[WhiteElo "1643"]
[BlackElo "2105"]
[PlyCount "96"]
[EventDate "2018.??.??"]
[WhiteTeam "SF Blaustein"]

1. d4 Nf6 2. Nf3 d5 3. Bf4 Bf5 4. e3 e6 5. Bd3 Bxd3 6. Qxd3 c6 7. Bxb8 Rxb8 8.
O-O Bd6 9. Nbd2 O-O 10. Rfd1 Qe7 11. c4 Rbd8 12. c5 Bb8 13. b4 e5 14. Nxe5 Bxe5
15. dxe5 Qxe5 16. Nf3 Qe7 17. Nd4 g6 18. a3 Nd7 19. Nf3 Rfe8 20. Qc2 a6 21. Rd4
f5 22. Rad1 Nf8 23. h3 Qf6 24. Kf1 Rd7 25. Qa2 Rde7 26. a4 Ne6 27. R4d2 f4 28.
Re2 Ng5 29. Nxg5 Qxg5 30. exf4 Rxe2 31. Qxe2 Qxg2+ 32. Kxg2 Rxe2 33. Rd4 Rc2
34. Kf3 Rc3+ 35. Kg2 Kf7 36. f3 Kf6 37. Kf2 Kf5 38. Ke2 h6 39. Kf2 Rc4 40. Rxc4
dxc4 41. Ke3 c3 42. Kd3 Kxf4 43. Kxc3 Kxf3 44. Kc4 Ke4 45. b5 a5 46. h4 g5 47.
hxg5 hxg5 48. bxc6 bxc6 0-1

[Event "Senioren 2018"]
[Site "Bad Woerishofen"]
[Date "2018.02.25"]
[Round "3"]
[White "Klein, Klaus"]
[Black "Reichwald, Klaus"]
[Result "1-0"]
[WhiteElo "1988"]
[BlackElo "1813"]
[PlyCount "59"]
[EventDate "2018.??.??"]
[WhiteTeam "SF Heidelberg"]
[BlackTeam "SC Lohhof"]

1. e4 d6 2. d4 Nf6 3. Nc3 g6 4. Be3 Bg7 5. f3 c6 6. Qd2 b5 7. O-O-O a5 8. g4 a4
9. Bh6 O-O 10. Bxg7 Kxg7 11. Nge2 Qa5 12. Ng3 b4 13. Nb1 Be6 14. a3 bxa3 15.
Nxa3 Qb6 16. c4 Na6 17. Qc3 Nb4 18. Kb1 d5 19. exd5 cxd5 20. c5 Qa5 21. h4 Rfb8
22. h5 Qc7 23. Rg1 Ra5 24. hxg6 fxg6 25. Qe3 Nc6 26. Qxe6 Qb7 27. Rg2 Qb3 28.
Rd3 Qb7 29. g5 Nd8 30. gxf6+ 1-0

[Event "Senioren 2018"]
[Site "Bad Woerishofen"]
[Date "2018.02.25"]
[Round "3"]
[White "Knischka, Walter"]
[Black "Collins, Alan"]
[Result "1-0"]
[WhiteElo "1807"]
[BlackElo "1641"]
[PlyCount "51"]
[EventDate "2018.??.??"]
[WhiteTeam "SK Obergünzburg"]

1. d4 d6 2. Bf4 Nf6 3. e3 g6 4. h3 Bg7 5. Nf3 Nbd7 6. Bc4 O-O 7. c3 d5 8. Bb3
c6 9. O-O Ne4 10. Nbd2 Ndf6 11. Be5 Nxd2 12. Nxd2 b5 13. Bc2 Ne8 14. Bxg7 Kxg7
15. e4 dxe4 16. Bxe4 Qc7 17. Re1 Nd6 18. Bf3 a5 19. Qe2 Ra7 20. Nb3 Be6 21. Nc5
Bc4 22. Qe5+ f6 23. Qg3 Nf5 24. Qxc7 Rxc7 25. d5 Kf7 26. Ne6 1-0

[Event "Senioren 2018"]
[Site "Bad Woerishofen"]
[Date "2018.02.25"]
[Round "3"]
[White "Koch, Dieter"]
[Black "Teubner, Wolfgang"]
[Result "0-1"]
[WhiteElo "1725"]
[BlackElo "1791"]
[PlyCount "72"]
[EventDate "2018.??.??"]
[WhiteTeam "SC Ammersee"]
[BlackTeam "SF Blaustein"]

1. d4 f5 2. Bg5 Nf6 3. e3 g6 4. Nd2 Bg7 5. Be2 O-O 6. c3 Nc6 7. h4 h5 8. Nh3
Qe8 9. Bxf6 Rxf6 10. Bc4+ e6 11. e4 d5 12. e5 Rf8 13. Bd3 Qe7 14. Nf3 Bh6 15.
g3 Nd8 16. Nf4 Kg7 17. Qd2 c5 18. Ng5 cxd4 19. cxd4 Bd7 20. Rc1 Nf7 21. Ngh3
Rac8 22. Rd1 a6 23. Qe2 Qb4+ 24. Kf1 Rc6 25. Kg2 Rb6 26. b3 Rc8 27. Ng5 a5 28.
Nxh5+ gxh5 29. Nxf7 Kxf7 30. Qxh5+ Kg7 31. g4 Be8 32. Qxh6+ Kxh6 33. g5+ Kg7
34. h5 Qxd4 35. Bxf5 Qxe5 36. h6+ Kh8 0-1

[Event "Senioren 2018"]
[Site "Bad Woerishofen"]
[Date "2018.02.25"]
[Round "3"]
[White "Kozlov, Alexander"]
[Black "Kalepky, Helmut"]
[Result "1-0"]
[WhiteElo "2175"]
[BlackElo "1974"]
[PlyCount "83"]
[EventDate "2018.??.??"]
[WhiteTeam "Stuttgarter SF"]
[BlackTeam "SF Heidesheim"]

1. d4 d5 2. c4 dxc4 3. Nf3 Nf6 4. Nc3 a6 5. a4 Bf5 6. e3 e6 7. Bxc4 Nbd7 8. a5
c6 9. O-O Qc7 10. h3 h5 11. Re1 Bg4 12. Kf1 Bxf3 13. Qxf3 g5 14. e4 g4 15. Qf4
Qxf4 16. Bxf4 Bh6 17. Bxh6 Rxh6 18. e5 Nd5 19. h4 O-O-O 20. Ne4 Rh7 21. Ra3 Kc7
22. Rb3 Rb8 23. f3 Rg7 24. Ng5 Rxg5 25. hxg5 Rg8 26. Bxd5 exd5 27. f4 Nf8 28.
g3 Ne6 29. Rd1 Rh8 30. Rc3 h4 31. gxh4 Rxh4 32. Kg2 Nxf4+ 33. Kg3 Ng6 34. Rf1
Rh7 35. Kxg4 Rh4+ 36. Kg3 Rxd4 37. Rxf7+ Kc8 38. Re3 Rb4 39. e6 Rxb2 40. e7
Nxe7 41. Rexe7 Kb8 42. Rxb7+ 1-0

[Event "Senioren 2018"]
[Site "Bad Woerishofen"]
[Date "2018.02.25"]
[Round "3"]
[White "Kuenne, Lutz"]
[Black "Wawrinsky, Ludwig"]
[Result "0-1"]
[WhiteElo "1597"]
[BlackElo "1760"]
[PlyCount "178"]
[EventDate "2018.??.??"]
[WhiteTeam "KC Jena"]
[BlackTeam "SK Neuperlach"]

1. d4 Nf6 2. Bf4 e6 3. e3 b6 4. Be2 Bb7 5. Nf3 Nh5 6. Bg3 Nxg3 7. hxg3 Qe7 8.
c3 d6 9. Qc2 g6 10. Nbd2 Nd7 11. O-O-O Bg7 12. Kb1 a5 13. a4 Nf6 14. Ne1 Qd7
15. f3 Bc6 16. b3 b5 17. axb5 Bxb5 18. c4 Ba6 19. Kb2 O-O 20. Ra1 Bb7 21. Nd3
c5 22. Rhb1 cxd4 23. e4 d5 24. Nc5 Qc7 25. Nxb7 Qxb7 26. Kc1 Nh5 27. Nf1 dxe4
28. Qxe4 Qb4 29. Qd3 Rfd8 30. f4 Nf6 31. Bf3 Rac8 32. Ra4 Qb6 33. Rba1 Nd5 34.
Rxa5 Nb4 35. Qd1 Rc5 36. Nd2 d3 37. Ne4 d2+ 38. Kb1 Rxc4 39. Nxd2 Rcd4 40. R1a2
Nxa2 41. Rxa2 Qb4 42. Ra8 Rxd2 43. Rxd8+ Rxd8 44. Qxd8+ Bf8 45. Qd1 Qc3 46. Qc2
Qe1+ 47. Qd1 Qxg3 48. Qd2 Qh2 49. Kc2 Qg1 50. b4 Qb6 51. Kb3 h5 52. Qc3 h4 53.
Qc6 Qe3+ 54. Qc3 Qxf4 55. Qc4 Qe3+ 56. Qc3 Qb6 57. Qc4 Be7 58. b5 Qa5 59. Qa4
Qb6 60. Qa8+ Kg7 61. Qc6 Qe3+ 62. Qc3+ Qxc3+ 63. Kxc3 Bc5 64. Kc4 Bb6 65. Kd3
f5 66. Bc6 g5 67. Ke2 Kf6 68. Kf3 Ke5 69. Ke2 g4 70. Kf1 f4 71. Ke2 Kd6 72. Kf1
e5 73. Ke2 Ba7 74. Kf1 Kc5 75. Bd7 g3 76. Ke2 Kd4 77. Kf3 Kd3 78. Bc6 Bb6 79.
Kg4 e4 80. Kxf4 e3 81. Bf3 e2 82. Bxe2+ Kxe2 83. Kg4 Kf2 84. Kh3 Kg1 85. Kxh4
Kxg2 86. Kg4 Kf2 87. Kh4 g2 88. Kh3 g1=Q 89. Kh4 Qg6 0-1

[Event "Senioren 2018"]
[Site "Bad Woerishofen"]
[Date "2018.02.25"]
[Round "3"]
[White "Kumeth, Hartmut"]
[Black "De Polzer, Manfredi"]
[Result "1-0"]
[WhiteElo "1730"]
[BlackElo "1515"]
[PlyCount "111"]
[EventDate "2018.??.??"]
[WhiteTeam "SK Oldenburg"]

1. d4 Nf6 2. Nf3 c6 3. e3 d5 4. c4 e6 5. Be2 Bd6 6. Nc3 Nbd7 7. Bd2 O-O 8. c5
Bc7 9. b4 e5 10. h3 e4 11. Nh2 Re8 12. a4 Nf8 13. Qb3 Be6 14. Rb1 Ng6 15. Nf1
Nh4 16. g3 Ng6 17. f4 exf3 18. Bxf3 Bf5 19. Kf2 Bxb1 20. Qxb1 Qd7 21. Ne2 Re7
22. Nf4 Rae8 23. Nh5 Ne4+ 24. Bxe4 Rxe4 25. Nf4 Qf5 26. Qd1 Nxf4 27. gxf4 Qg6
28. Rg1 Qh6 29. Qg4 Bd8 30. Kf3 R4e6 31. Qf5 Kf8 32. Ng3 Rf6 33. Qd3 Rg6 34.
Qf5 Qh4 35. b5 Ree6 36. Be1 Qe7 37. Bd2 Ref6 38. Qd3 cxb5 39. axb5 Qd7 40. Rh1
Rh6 41. Bb4 Kg8 42. Kg2 Qe6 43. Bd2 Qe8 44. Qb3 Qd7 45. Qd3 Qe6 46. f5 Qd7 47.
Ra1 b6 48. c6 Qc7 49. e4 Rxh3 50. Kxh3 g6 51. e5 Rxf5 52. Nxf5 Qc8 53. Rg1 Kh8
54. Bg5 gxf5 55. Bf4 Qc7 56. Qg3 1-0

[Event "Senioren 2018"]
[Site "Bad Woerishofen"]
[Date "2018.02.25"]
[Round "3"]
[White "Lainburg, Viktor"]
[Black "Bjorgvik, Jan Arne"]
[Result "1/2-1/2"]
[WhiteElo "1960"]
[BlackElo "1756"]
[PlyCount "98"]
[EventDate "2018.??.??"]
[WhiteTeam "SC Weiße Dame Ulm"]

1. d4 d5 2. Nf3 e6 3. g3 Nf6 4. Bg2 c5 5. e3 Nc6 6. O-O cxd4 7. exd4 Be7 8.
Nbd2 O-O 9. Re1 Bd7 10. c3 Rc8 11. Ne5 Be8 12. Qe2 Nxe5 13. dxe5 Nd7 14. Nf3 a6
15. Nd4 Nb6 16. Qg4 Kh8 17. h4 Bc5 18. Nb3 Be7 19. Bg5 Nc4 20. Re2 Qc7 21. Bxe7
Qxe7 22. Bxd5 Bb5 23. Bxc4 Rxc4 24. Re4 Rxe4 25. Qxe4 Bc6 26. Qe3 Rd8 27. Nd4
Qd7 28. Nxc6 Qxc6 29. Re1 Qd5 30. b3 Kg8 31. Qe4 Qd2 32. Re3 b5 33. Kg2 Qxa2
34. Rd3 Rf8 35. b4 g6 36. Qc6 Qe2 37. Re3 Qa2 38. Qb7 Qd5+ 39. Qxd5 exd5 40.
Rd3 Rd8 41. Kf3 Kf8 42. Ke3 Ke7 43. Rd2 Rc8 44. Kd3 Ke6 45. f4 h5 46. Kc2 Rc7
47. Kb3 Rc4 48. Rd1 Rc7 49. Rd4 Rc4 1/2-1/2

[Event "Senioren 2018"]
[Site "Bad Woerishofen"]
[Date "2018.02.25"]
[Round "3"]
[White "Leutz, Hans"]
[Black "Mueller, Rudolf"]
[Result "1/2-1/2"]
[WhiteElo "1957"]
[BlackElo "2071"]
[PlyCount "59"]
[EventDate "2018.??.??"]
[WhiteTeam "SV Ebersbach"]
[BlackTeam "Karlsruher SF"]

1. d4 b6 2. Nf3 Bb7 3. Nbd2 f5 4. g3 Nf6 5. Bg2 e6 6. O-O c5 7. e3 Nc6 8. Re1
d5 9. b3 Bd6 10. Bb2 O-O 11. Ne5 Bxe5 12. dxe5 Ng4 13. f4 Qc7 14. h3 Nh6 15.
Qe2 a5 16. Qf2 a4 17. a3 Rfd8 18. Nf3 Na5 19. Nd2 c4 20. bxc4 Nxc4 21. Nxc4
Qxc4 22. Bd4 Rdc8 23. c3 Ba6 24. Reb1 Rcb8 25. Bf1 Qc7 26. Bxa6 Rxa6 27. Rb5
Qc4 28. Rab1 Nf7 29. R1b4 Qd3 30. Qf1 1/2-1/2

[Event "Senioren 2018"]
[Site "Bad Woerishofen"]
[Date "2018.02.25"]
[Round "3"]
[White "Meul, Willi"]
[Black "Narr, Irmgard"]
[Result "1-0"]
[WhiteElo "1930"]
[BlackElo "1679"]
[PlyCount "133"]
[EventDate "2018.??.??"]
[WhiteTeam "SV Hürth-Berrenrath"]
[BlackTeam "SC Mühlhof-Reichelsdorf"]

1. d4 Nf6 2. Nf3 b6 3. e3 Bb7 4. Bd3 e6 5. Nbd2 c5 6. O-O d6 7. c3 Be7 8. e4
O-O 9. Re1 Nbd7 10. Qe2 Re8 11. b3 a6 12. Bb2 Nf8 13. c4 Ng6 14. g3 h6 15. e5
dxe5 16. dxe5 Nh7 17. Rad1 Nhf8 18. Be4 Qc7 19. Bxb7 Qxb7 20. Qe4 Qc7 21. Nf1
Rad8 22. Ne3 Rd7 23. Rxd7 Qxd7 24. Rd1 Qc7 25. Ne1 Nh7 26. f4 Nhf8 27. Nf3 Rd8
28. Rxd8 Qxd8 29. h4 b5 30. h5 Nh8 31. Kg2 Qa5 32. a3 Qb6 33. g4 bxc4 34. Qxc4
Qc6 35. Kg3 g6 36. hxg6 Nhxg6 37. f5 Nh8 38. f6 Bd8 39. Qf4 Kh7 40. Nc4 Nhg6
41. Qd2 Qc7 42. Kh3 Qc6 43. Qe3 Bc7 44. Bc1 Kg8 45. Nh2 Qd5 46. Qxh6 Qd3+ 47.
Be3 Nf4+ 48. Qxf4 Qh7+ 49. Qh6 Ng6 50. Qxh7+ Kxh7 51. Nf3 Bb8 52. Bxc5 Nf4+ 53.
Kh2 Nd3 54. b4 Bc7 55. Bd6 Bd8 56. Kg3 Nc1 57. Nd4 Kg6 58. Nc6 Bxf6 59. exf6
Kxf6 60. Be7+ Kg6 61. N6e5+ Kg7 62. g5 Ne2+ 63. Kg4 Nd4 64. Nd6 Nc2 65. Ndxf7
Nxa3 66. Bf6+ Kf8 67. g6 1-0

[Event "Senioren 2018"]
[Site "Bad Woerishofen"]
[Date "2018.02.25"]
[Round "3"]
[White "Neumann, Erwin"]
[Black "Macher, Claus"]
[Result "1/2-1/2"]
[WhiteElo "1789"]
[BlackElo "1958"]
[PlyCount "30"]
[EventDate "2018.??.??"]
[WhiteTeam "SK Schwäbisch Hall"]
[BlackTeam "SF Ammerbuch"]

1. e4 c5 2. Nf3 e6 3. d4 cxd4 4. Nxd4 a6 5. g3 g6 6. Bg2 Bg7 7. O-O Ne7 8. c3
O-O 9. Be3 d5 10. Nb3 Nbc6 11. N1d2 d4 12. cxd4 Nxd4 13. Nc4 Nec6 14. Nxd4 Nxd4
15. e5 Nc6 1/2-1/2

[Event "Senioren 2018"]
[Site "Bad Woerishofen"]
[Date "2018.02.25"]
[Round "3"]
[White "Niedermaier, Peter"]
[Black "Singeisen, Hermann"]
[Result "0-1"]
[WhiteElo "1817"]
[BlackElo "1972"]
[PlyCount "70"]
[EventDate "2018.??.??"]
[WhiteTeam "SU Ebersberg-Grafing"]

1. e4 c6 2. d4 d5 3. Nc3 dxe4 4. Nxe4 Nf6 5. Nxf6+ gxf6 6. Bf4 Bf5 7. Be2 e6 8.
Bf3 Nd7 9. Ne2 e5 10. dxe5 fxe5 11. Bg3 h5 12. h4 Qa5+ 13. Nc3 O-O-O 14. O-O
Bg6 15. a3 f5 16. Be2 f4 17. Bh2 Be7 18. b4 Qc7 19. g3 Nb6 20. Qc1 Rhf8 21. Rd1
Nd5 22. Nxd5 Rxd5 23. Rxd5 cxd5 24. c4 f3 25. Bf1 d4 26. c5 Bf5 27. Qh6 Bg4 28.
Re1 Rf6 29. Qh8+ Bd8 30. Bc4 Qe7 31. Kf1 e4 32. Bd5 e3 33. fxe3 dxe3 34. Qg8
Bh3+ 35. Kg1 f2+ 0-1

[Event "Senioren 2018"]
[Site "Bad Woerishofen"]
[Date "2018.02.25"]
[Round "3"]
[White "Rampp, Gerhard"]
[Black "Johnsen, Oystein"]
[Result "1/2-1/2"]
[WhiteElo "2067"]
[BlackElo "1998"]
[PlyCount "42"]
[EventDate "2018.??.??"]
[WhiteTeam "TSV Haunstetten"]

1. c4 c6 2. Nc3 d5 3. cxd5 cxd5 4. d4 Nc6 5. g3 Bf5 6. Bg2 e6 7. Nf3 h6 8. O-O
Bd6 9. Nh4 Bh7 10. e4 dxe4 11. Bxe4 Bxe4 12. Nxe4 Be7 13. Nf3 Nf6 14. Nc3 O-O
15. Qb3 Na5 16. Qb5 a6 17. Qe2 Rc8 18. Rd1 Nd5 19. Bd2 Nc4 20. Be1 b5 21. Ne4
Rc7 1/2-1/2

[Event "Senioren 2018"]
[Site "Bad Woerishofen"]
[Date "2018.02.25"]
[Round "3"]
[White "Reimann, Guenther"]
[Black "Lange, Manfred"]
[Result "0-1"]
[WhiteElo "1893"]
[BlackElo "2061"]
[PlyCount "84"]
[EventDate "2018.??.??"]
[WhiteTeam "SC Magstadt"]
[BlackTeam "SV Würzburg"]

1. c4 Nf6 2. Nf3 b6 3. g3 Bb7 4. Bg2 e6 5. d3 Be7 6. O-O O-O 7. Nbd2 c5 8. b3
Qc7 9. Bb2 Nc6 10. Re1 d5 11. a3 d4 12. Qc2 Rad8 13. Rad1 Rd7 14. e4 dxe3 15.
fxe3 Rfd8 16. Nf1 Ng4 17. Re2 Bf6 18. Red2 Nce5 19. Nxe5 Nxe5 20. Bxb7 Qxb7 21.
Bxe5 Bxe5 22. Rg2 Rd6 23. h3 Qf3 24. Rf2 Qh5 25. Kg2 Qg6 26. Rfd2 h5 27. d4
Qxc2 28. Rxc2 cxd4 29. Rcd2 dxe3 30. Rxd6 Rxd6 31. Nxe3 Rxd1 32. Nxd1 Bd4 33.
Kf3 f5 34. b4 Kf7 35. Ne3 Bxe3 36. Kxe3 e5 37. Kf3 g5 38. g4 fxg4+ 39. hxg4 h4
40. a4 Ke6 41. Ke3 Kd6 42. Kf3 Kc6 0-1

[Event "Senioren 2018"]
[Site "Bad Woerishofen"]
[Date "2018.02.25"]
[Round "3"]
[White "Richter, Stefan"]
[Black "Gepting, Konrad"]
[Result "1-0"]
[WhiteElo "1698"]
[BlackElo "1585"]
[PlyCount "85"]
[EventDate "2018.??.??"]
[WhiteTeam "SZ Langenberg"]
[BlackTeam "SK Marktoberdorf"]

1. e4 e5 2. Nf3 Nc6 3. Bc4 h6 4. a3 Nf6 5. Nc3 a6 6. O-O Be7 7. d3 b5 8. Ba2 d6
9. h3 Nh7 10. Nd5 Bg5 11. Be3 Be6 12. Nh2 Nf6 13. f4 exf4 14. Bxf4 Ne7 15. Bxg5
hxg5 16. Nxf6+ gxf6 17. Bxe6 fxe6 18. Rxf6 Qd7 19. Qg4 O-O-O 20. Raf1 e5 21.
Qxd7+ Rxd7 22. Ng4 Rg8 23. Rf7 Rg6 24. Nf6 Rxf6 25. R1xf6 Nc6 26. Rxd7 Kxd7 27.
c3 Ne7 28. Kf2 d5 29. Rxa6 c6 30. Ra7+ Kd6 31. Rxe7 Kxe7 32. exd5 cxd5 33. b3
Kd6 34. Ke3 Ke6 35. c4 bxc4 36. dxc4 d4+ 37. Ke4 Kd6 38. b4 Kc6 39. a4 Kb6 40.
g3 Kc6 41. h4 gxh4 42. gxh4 Kd6 43. a5 1-0

[Event "Senioren 2018"]
[Site "Bad Woerishofen"]
[Date "2018.02.25"]
[Round "3"]
[White "Riedel, Lutz"]
[Black "Trefzer, Erhard"]
[Result "1-0"]
[WhiteElo "2040"]
[BlackElo "1910"]
[PlyCount "69"]
[EventDate "2018.??.??"]
[WhiteTeam "SK Krumbach"]
[BlackTeam "SV Besigheim"]

1. c4 f5 2. Nf3 Nf6 3. g3 e6 4. Bg2 Be7 5. O-O O-O 6. d4 d6 7. Qc2 Nc6 8. a3 a5
9. Nc3 Bd7 10. Rd1 Qe8 11. Ng5 Nd8 12. d5 e5 13. Ne6 Bxe6 14. dxe6 c6 15. Qxf5
Nd5 16. Qg4 h5 17. Qh3 Nxc3 18. bxc3 Qg6 19. Bf3 Nxe6 20. Bxh5 Qf6 21. Be3 g5
22. Bg4 Nd8 23. a4 Rf7 24. Qg2 Qg6 25. Ra2 Bf8 26. Rb2 Rg7 27. Qh3 Rh7 28. Bf5
Rxh3 29. Bxg6 Be7 30. Bb6 Nf7 31. Bc7 b5 32. cxb5 cxb5 33. axb5 Kg7 34. Be4
Rah8 35. b6 1-0